000 00316nam a22001217a 4500
008 230609b xxu||||| |||| 00| 0 eng d
082 _a354.676
_bGOK
110 _bGOK
245 _aDevelopment Estimates for the Year 1997/98
_bVolume 1
_cVotes D01-D12
260 _aKenya
_bGoK
_c1997
300 _a625p
942 _2ddc
_cBK
999 _c931
_d931